00831nam a22002177a 450000500170000000800410001702000180005804100080007608200190008410000330010324501630013626000530029930000370035249000440038950400490043365000220048265000300050465000230053465000310055765000250058820140225114913.0140225s2011 ck ado gr 000 0dspa d a97895871964810 aspa04a583.66 bG51e 1 aGiraldo-Cañas, Diegod196610aEstudios morfológicos y taxonómicos en el complejo Norantea (Maecgraviaceae)bRevisión de Norantea, Pseudosarcopera y SchwartziacDiego Giraldo-Cañas.3 aBogotábUniversidad Nacional de Colombiac2011 a178 p.bil., fot., tablasc24 cm0 aBiblioteca José Jerónimo Trianav22 aIncluye bibliografía (páginas 156 - 165) aFlora neotropical aMarcgraviaceaex Especies aNoranteaxEspecies aPseudosarcoperax Especies aSchwartziaxEspecies